| 000 | 00616nam a2200205 i 4500 | ||
|---|---|---|---|
| 001 | 131408 | ||
| 003 | ES-MaACL | ||
| 005 | 20250815084145.0 | ||
| 007 | t| | ||
| 008 | 070214s1965 sp r ||||1| spa d | ||
| 100 | 1 |
_aRodrÃguez, Victorino. _998310 |
|
| 245 | 1 | 0 |
_aSobre la libertad religiosa / _cVictorino RodrÃguez. |
| 260 |
_aSalamanca : _bLa Ciencia Tomista, _c1965. |
||
| 300 |
_a117 p. ; _c24 cm. |
||
| 490 | 1 |
_a"La ciencia tomista` ; _vXCI |
|
| 650 | 4 |
_aLibertad religiosa. _914416 |
|
| 830 | 0 | 3 |
_aLa ciencia tomista _vXCI _9219572 |
| 852 |
_aES-MaACL _jC-27345 _bR.56096 |
||
| 999 |
_c131408 _d131408 |
||